00273nam a2200121Ia 4500008004100000041000800041082001200049100001900061245001400080260002600094300002400120365000700144240624s9999 xx 000 0 und d aeng a823 ROB aROBBINS HAROLD aBETRAYERS c2005aNew YorkbForge a354 : p. : cm. ; 17 cRS